| 000 | 00539nam a2200181 i 4500 | ||
|---|---|---|---|
| 001 | 43378 | ||
| 003 | ES-MaACL | ||
| 005 | 20250827063205.0 | ||
| 007 | t| | ||
| 008 | 030317s1971 sp ||||1| spa d | ||
| 100 | 1 |
_aCastro García, Lázaro de _936925 |
|
| 245 | 1 | 3 |
_aLa necrópolis de Pallantia / _cLázaro de Castro García. |
| 260 |
_aPalencia : _b[s.n., _c1971] ( _fGráf. Diario Día) |
||
| 300 |
_a57 p., 10 lám. ; _c22 cm. |
||
| 852 |
_aES-MaACL _jC-44587 _bR.78808 _944999 |
||
| 942 | _2udc | ||
| 999 |
_c43378 _d43378 |
||